| 000 | 01128 a2200217 4500 | ||
|---|---|---|---|
| 005 | 20080904105021.0 | ||
| 008 | 080904t xxu||||| |||| 00| 0 hin d | ||
| 010 | _aHIN-78965 | ||
| 020 |
_c200.00 _a8183900070 |
||
| 035 | _aHN-51312 | ||
| 037 | _bD.B.Act / pub | ||
| 082 | _a820.8 | ||
| 100 | _aवधान, अमरसिंह | ||
| 245 |
_aकंप्यूटर क्रान्ति और साहित्य _cअमरसिंह वधान |
||
| 246 |
_aComputer kranti aur sahitya _bby Amar Singh Vadhan |
||
| 260 |
_aदिल्ली _bअभिषेक प्रकाशन _c2006 |
||
| 270 |
_bदिल्ली _a5824,जवाहर नगर(निकट शिव मंदिर) न्यू चन्द्रावल _e110007 _k(011)55640278,(011)55175190 |
||
| 300 |
_a131पृ. _c22 सेमी (सजिल्द) |
||
| 942 |
_adpl _cHN _k820.8 / वधान _2ddc _h820.8 _mवधान |
||
| 999 |
_c1073 _d1073 |
||